书目信息 |
| 题名: |
建筑施工企业安全生产管理人员继续教育培训教材
|
|
| 作者: | 冯小川 主编 | |
| 分册: | ||
| 出版信息: | 北京 中国建材工业出版社 2011.11 |
|
| 页数: | 330页 | |
| 开本: | 26cm | |
| 丛书名: | ||
| 单 册: | ||
| 中图分类: | TU714 | |
| 科图分类: | ||
| 主题词: | 建筑企业--jian zhu qi ye--安全生产--生产管理--继续教育--教材 | |
| 电子资源: | ||
| ISBN: | 978-7-5160-0056-4 | |
| 000 | 00949nam0 2200253 450 | |
| 001 | CAL 010040068663 | |
| 005 | 20150817145330.56 | |
| 010 | @a978-7-5160-0056-4@dCNY48.00 | |
| 100 | @a20111227d2011 em y0chiy50 ea | |
| 101 | 0 | @achi |
| 102 | @aCN@b110000 | |
| 105 | @aak z 000yy | |
| 106 | @ar | |
| 200 | 1 | @a建筑施工企业安全生产管理人员继续教育培训教材@Ajian zhu shi gong qi ye an quan sheng chan guan li ren yuan ji xu jiao yu pei xun jiao cai@f冯小川主编 |
| 205 | @a第2版 | |
| 210 | @a北京@c中国建材工业出版社@d2011.11 | |
| 215 | @a330页@c图@d26cm | |
| 330 | @a本书主要内容包括: 建设工程安全管理责任体系, 安全事故应急预案编制, 重大事故案例与处罚, 安全生产检查评价以及安全生产教育管理和伤亡事故处理等。 | |
| 586 | @a | |
| 606 | 0 | @a建筑企业@Ajian zhu qi ye@x安全生产@x生产管理@x继续教育@j教材 |
| 690 | @aTU714@v5 | |
| 701 | 0 | @a冯小川@Afeng xiao chuan@4主编 |
| 801 | 0 | @aCN@c20150820 |
| 905 | @a河南城建学院图书馆@dTU714@eF5203@f3 | |
| 建筑施工企业安全生产管理人员继续教育培训教材/冯小川主编.-第2版.-北京:中国建材工业出版社,2011.11 |
| 330页:图;26cm |
| ISBN 978-7-5160-0056-4:CNY48.00 |
| 本书主要内容包括: 建设工程安全管理责任体系, 安全事故应急预案编制, 重大事故案例与处罚, 安全生产检查评价以及安全生产教育管理和伤亡事故处理等。 |
| ● |
| 相关链接 |
|
|
|
正题名:建筑施工企业安全生产管理人员继续教育培训
索取号:TU714/F5203
 
预约/预借
| 序号 | 登录号 | 条形码 | 馆藏地/架位号 | 状态 | 备注 |
| 1 | 1165626 | 211656260 | 建筑库201/201建筑库 25排3列2层/ [索取号:TU714/F5203] | 在馆 | |
| 2 | 1165627 | 211656279 | 建筑库201/201建筑库 25排3列2层/ [索取号:TU714/F5203] | 在馆 | |
| 3 | 1165628 | 211656288 | 建筑库201/201建筑库 25排3列2层/ [索取号:TU714/F5203] | 在馆 |